[Event "Elit(Solna-Limhamn)"]
[Site "?"]
[Date "2011.10.07"]
[Round "1"]
[White "Ahlander, Bjorn"]
[Black "Johansson, Gunnar"]
[Result "1/2-1/2"]
[WhiteElo "2503"]
[BlackElo "2251"]
[PlyCount "119"]

1. d4 d5 2. c4 c6 3. Nc3 Nf6 4. Nf3 e6 5. Bg5 h6 6. Bh4 dxc4 7. e4 g5 8. Bg3 b5
9. Be2 Bb7 10. h4 g4 11. Ne5 Nbd7 12. Nxg4 b4 13. Na4 Nxe4 14. Bf4 h5 15. Ne5
Qf6 16. Qc1 Bh6 17. Nxd7 Kxd7 18. Bxh6 Qxh6 19. Qxc4 Qd2+ 20. Kf1 Kc7 21. g3
Rhd8 22. Rd1 Qxd1+ 23. Kg2 Qxd4 24. Qxd4 Rxd4 25. Bxh5 Rd2 26. Rf1 Ba6 27. Re1
Nxf2 28. Kf3 Rad8 29. Nc5 Be2+ 30. Rxe2 Rxe2 31. Kxe2 Rd5 32. Na6+ Kb6 33. Bf3
Re5+ 34. Kxf2 Kxa6 35. h5 Rg5 36. g4 f5 37. gxf5 exf5 38. Ke3 c5 39. Kf4 Rg8
40. Be2+ Kb6 41. Kxf5 Rg2 42. Bc4 Rxb2 43. h6 Rh2 44. Kg5 Kc6 45. Bf7 Rxh6 46.
Kxh6 Kd6 47. Kg5 Ke5 48. Kg4 Ke4 49. Bg6+ Ke3 50. Kf5 Kd4 51. Ke6 a5 52. Kd6 a4
53. Kc6 a3 54. Bb1 c4 55. Kb5 b3 56. Kb4 bxa2 57. Bxa2 c3 58. Kb3 Kd3 59. Bb1+
Kd2 60. Kxa3 1/2-1/2

[Event "Elit(Solna-Limhamn)"]
[Site "?"]
[Date "2011.10.07"]
[Round "1"]
[White "Landgren, Andreas"]
[Black "Jepson, Christian"]
[Result "1/2-1/2"]
[WhiteElo "2234"]
[BlackElo "2462"]
[PlyCount "72"]

1. d4 Nf6 2. c4 e6 3. Nc3 d5 4. cxd5 exd5 5. Bg5 Nbd7 6. e3 Nb6 7. Bd3 Be7 8.
Qc2 Nh5 9. Bxe7 Qxe7 10. Nge2 g6 11. O-O O-O 12. Rae1 c6 13. Ng3 Nxg3 14. fxg3
Be6 15. e4 Rad8 16. Qf2 dxe4 17. Nxe4 Nd5 18. Bc4 Bf5 19. Bxd5 cxd5 20. Nc3 Be4
21. Qf6 Qxf6 22. Rxf6 Kg7 23. Rf4 f5 24. g4 fxg4 25. Rxg4 h5 26. Rg3 Rf4 27.
Rge3 Kh6 28. Nxe4 dxe4 29. Rxe4 Rxd4 30. Rxf4 Rxf4 31. Re7 Rb4 32. b3 a5 33.
Kf2 b5 34. Rb7 a4 35. bxa4 Rxa4 36. Rxb5 Rxa2+ 1/2-1/2

[Event "Elit(Solna-Limhamn)"]
[Site "?"]
[Date "2011.10.07"]
[Round "1"]
[White "Schneider, Stefan"]
[Black "Steneskog, Per"]
[Result "1/2-1/2"]
[WhiteElo "2431"]
[BlackElo "2220"]
[PlyCount "142"]

1. d4 d5 2. c4 e6 3. Nc3 c5 4. cxd5 exd5 5. Nf3 Nc6 6. g3 Nf6 7. Bg2 Be7 8. O-O
O-O 9. dxc5 Bxc5 10. Bg5 d4 11. Ne4 Be7 12. Bxf6 Bxf6 13. b4 a6 14. Nxf6+ Qxf6
15. a4 Rd8 16. b5 Nb4 17. bxa6 Rxa6 18. Qd2 Nc6 19. Qb2 Na5 20. Rad1 Rad6 21.
Nd2 Bf5 22. Qb4 b6 23. Ne4 Bxe4 24. Bxe4 Qe6 25. Qb1 h5 26. Rc1 Nb3 27. Bf5 Qd5
28. Bh7+ Kf8 29. Be4 Qe6 30. Bf5 Qd5 31. Rcd1 Nc5 32. e4 Qb3 33. e5 Rd5 34.
Rfe1 Qxb1 35. Rxb1 Nxa4 36. e6 fxe6 37. Bxe6 R5d6 38. Re5 g6 39. Bb3 Nc5 40.
Bd1 Re8 41. Rxe8+ Kxe8 42. Kf1 Kd7 43. f3 Re6 44. h4 Kc6 45. Kg2 Kd5 46. Kh3 d3
47. g4 Kd4 48. f4 hxg4+ 49. Kxg4 Re1 50. f5 Rg1+ 51. Kf4 Rf1+ 52. Kg5 gxf5 53.
h5 Ke5 54. Kg6 Rg1+ 55. Kf7 Rh1 56. Kg6 Rg1+ 57. Kf7 Ne4 58. h6 Kf4 59. Bc2
Rxb1 60. Bxb1 Ng5+ 61. Kg6 d2 62. Bc2 b5 63. Kf6 Kg4 64. Bd1+ Kf4 65. Bc2 b4
66. Kg6 Ne6 67. Kf6 Nf8 68. Bd1 Nh7+ 69. Kg6 Nf8+ 70. Kf6 Nh7+ 71. Kg6 Nf8+
1/2-1/2

[Event "Elit(Solna-Limhamn)"]
[Site "?"]
[Date "2011.10.07"]
[Round "1"]
[White "Lindborg, Petter"]
[Black "Penalver, Osmani"]
[Result "1-0"]
[WhiteElo "2191"]
[BlackElo "2323"]
[PlyCount "111"]

1. d4 Nf6 2. Bg5 Ne4 3. Bf4 d5 4. e3 e6 5. Bd3 Nd7 6. Bxe4 dxe4 7. Nc3 Bb4 8.
Nge2 f5 9. O-O O-O 10. a3 Bd6 11. Nb5 Nb6 12. b3 Nd5 13. Nxd6 cxd6 14. Bg3 Qe7
15. c4 Nf6 16. Nc3 Rd8 17. f3 exf3 18. Qxf3 e5 19. Rad1 e4 20. Qe2 Bd7 21. b4
a5 22. c5 d5 23. Bc7 Rdc8 24. Bxa5 Be6 25. Nb5 Ng4 26. h3 Nh6 27. Qf2 Rf8 28.
Bc7 Qd7 29. Qe2 g5 30. Bd6 Rf6 31. Rf2 f4 32. exf4 g4 33. f5 Rxf5 34. Rxf5 Bxf5
35. Qe3 Nf7 36. Nc7 Rd8 37. Nxd5 Qe6 38. Ne7+ Kh8 39. d5 Qf6 40. Nxf5 Qxf5 41.
hxg4 Qxg4 42. Qd4+ Kg8 43. Be7 Ra8 44. d6 Qe6 45. Re1 Qe5 46. Rxe4 Qxd4+ 47.
Rxd4 Nd8 48. Rg4+ Kf7 49. Rf4+ Ke6 50. Rf8 Rxa3 51. Bxd8 Ra8 52. Be7 Ra4 53.
Rb8 Rxb4 54. c6 Rb1+ 55. Kh2 Rc1 56. c7 1-0

[Event "Elit(Solna-Limhamn)"]
[Site "?"]
[Date "2011.10.07"]
[Round "1"]
[White "Johansson, Linus"]
[Black "Azizi, Haroon"]
[Result "1/2-1/2"]
[WhiteElo "2306"]
[BlackElo "2214"]
[PlyCount "115"]
[EventDate "2011.??.??"]

1. d4 d5 2. c4 Nc6 3. Nf3 Bg4 4. Bg5 Nf6 5. Bxf6 gxf6 6. e3 e6 7. Nc3 Ne7 8.
Rc1 c6 9. Be2 Bg7 10. Qb3 Rb8 11. cxd5 exd5 12. Nh4 Be6 13. Bd3 Ng6 14. Nf5 Bf8
15. Ne2 Qb6 16. Qxb6 axb6 17. h4 b5 18. h5 Bb4+ 19. Kd1 Ne7 20. Nxe7 Kxe7 21.
Ng3 Bd6 22. Nf5+ Bxf5 23. Bxf5 b4 24. Kc2 h6 25. Kb3 Rhg8 26. g4 Rbe8 27. Rhe1
Kd8 28. f3 Re7 29. e4 Rge8 30. Red1 dxe4 31. fxe4 Kc7 32. Rc4 Kb6 33. Rf1 Rh8
34. Rb1 Ree8 35. Rbc1 Rd8 36. Rb1 Ra8 37. Rbc1 Rhd8 38. Ra1 Ra5 39. Rf1 Be7 40.
Rd1 Rda8 41. d5 cxd5 42. Rxd5 Rxd5 43. exd5 Rd8 44. Re4 Bc5 45. Kc4 Bd6 46. Re2
Ka5 47. Rf2 Be5 48. Re2 Bd6 49. Re3 Kb6 50. Rb3 Ka5 51. a3 b5+ 52. Kd4 bxa3 53.
bxa3 Rb8 54. Rf3 Rb7 55. Rb3 Ka4 56. Bc2 Ka5 57. Rf3 Re7 58. Rb3 1/2-1/2

[Event "Elit(Solna-Limhamn)"]
[Site "?"]
[Date "2011.10.07"]
[Round "1"]
[White "Bjarnehag, Peter"]
[Black "Eklund, Joel"]
[Result "1-0"]
[WhiteElo "2179"]
[BlackElo "2277"]
[PlyCount "41"]

1. Nf3 c5 2. c4 Nf6 3. Nc3 e6 4. g3 b6 5. Bg2 Bb7 6. d4 cxd4 7. Qxd4 d6 8. Bg5
Be7 9. Rd1 a6 10. Bxf6 Bxf6 11. Qxd6 Qxd6 12. Rxd6 Bxc3+ 13. bxc3 Nd7 14. O-O
Ke7 15. Rfd1 Rhd8 16. Ng5 Bxg2 17. Kxg2 Ra7 18. c5 bxc5 19. Rc6 Rb8 20. Ne4 Rb6
21. Rxd7+ 1-0

[Event "Elit(Manhem-Rockaden,Umea)"]
[Site "?"]
[Date "2011.10.08"]
[Round "2"]
[White "Wickstrom, Lucas"]
[Black "Nithander, Victor"]
[Result "1-0"]
[WhiteElo "2325"]
[BlackElo "2494"]
[PlyCount "97"]

1. d4 Nf6 2. c4 g6 3. Nc3 Bg7 4. e4 d6 5. Nf3 O-O 6. Be2 e5 7. O-O Nc6 8. d5
Ne7 9. b4 a5 10. Ba3 axb4 11. Bxb4 b6 12. a4 Re8 13. a5 c5 14. dxc6 Nxc6 15.
Bxd6 bxa5 16. c5 Nd4 17. Nxd4 exd4 18. Nb5 Nxe4 19. Bf3 Ba6 20. Re1 Bxb5 21.
Bxe4 Ra7 22. Qb3 d3 23. Rad1 Qd7 24. Bxd3 Ba4 25. Rxe8+ Qxe8 26. Qb6 Ra8 27.
Rb1 h5 28. Kf1 Bc6 29. f3 Qe3 30. Qxc6 Qxd3+ 31. Kf2 Bd4+ 32. Kg3 Rd8 33. Qe4
Qd2 34. Qe7 Ra8 35. Rb8+ Rxb8 36. Bxb8 Qc3 37. Bd6 Qc4 38. Qe4 a4 39. c6 Kh7
40. c7 a3 41. c8=Q Qxc8 42. Qxd4 Qd8 43. Be5 Qg5+ 44. Kf2 a2 45. Bf6 Qc1 46.
Qd8 g5 47. Qd3+ Kg8 48. Bc3 f6 49. Qg6+ 1-0

[Event "Elit(Manhem-Rockaden,Umea)"]
[Site "?"]
[Date "2011.10.08"]
[Round "2"]
[White "Welin, Mats"]
[Black "Petrov, Marijan"]
[Result "1/2-1/2"]
[WhiteElo "2363"]
[BlackElo "2537"]
[PlyCount "118"]

1. e4 g6 2. d4 Bg7 3. Nc3 c6 4. Nf3 d6 5. h3 Nf6 6. a4 O-O 7. Be3 Nbd7 8. a5 e5
9. dxe5 dxe5 10. Qd6 Ne8 11. Qa3 Nc7 12. Bc4 a6 13. Qd6 Nb5 14. Qd3 Qe7 15. Na4
h6 16. O-O Kh7 17. Nd2 f5 18. f3 f4 19. Bf2 Rd8 20. c3 Nb6 21. Qxd8 Qxd8 22.
Nxb6 Rb8 23. Rfd1 Qg5 24. Kf1 Bf8 25. Nb3 Nd6 26. Be2 Be6 27. Nc5 Qe7 28. Rd2
Rd8 29. Rad1 Kg7 30. Nxe6+ Qxe6 31. Bc4 Qf6 32. Bb3 h5 33. Na4 Be7 34. Bb6 Re8
35. Nc5 Nc8 36. Nd7 Qg5 37. Bf2 Bf8 38. Nxf8 Rxf8 39. Rd7+ Kh6 40. Rxb7 Rd8 41.
Rdd7 Rxd7 42. Rxd7 Qf6 43. Bc5 g5 44. Bc4 g4 45. Bxa6 Qe6 46. Bf8+ Kg5 47. Bxc8
Qc4+ 48. Ke1 Kh4 49. Kf2 g3+ 50. Ke1 Kg5 51. Rd6 Qf7 52. Bh6+ Kh4 53. Rxc6 Qa2
54. Rg6 Qb1+ 55. Kd2 Qxb2+ 56. Ke1 Qf2+ 57. Kd1 Qf1+ 58. Kc2 Qe2+ 59. Kb1 Qd1+
1/2-1/2

[Event "Elit(Manhem-Rockaden,Umea)"]
[Site "?"]
[Date "2011.10.08"]
[Round "2"]
[White "Forsberg, Viktor"]
[Black "Vas, Peter"]
[Result "1/2-1/2"]
[WhiteElo "2306"]
[BlackElo "2422"]
[PlyCount "84"]

1. Nf3 d5 2. g3 Nf6 3. Bg2 e6 4. O-O Be7 5. d3 O-O 6. Nbd2 c5 7. e4 Nc6 8. Re1
b5 9. exd5 exd5 10. d4 Qb6 11. a4 bxa4 12. Rxa4 Bd7 13. Ra1 cxd4 14. Nb3 Bc5
15. Nxc5 Qxc5 16. b3 Rfe8 17. Rxe8+ Rxe8 18. Bb2 Bg4 19. Bxd4 Nxd4 20. Qxd4
Qxc2 21. Ne5 Be6 22. b4 Qc7 23. Rxa7 Qc1+ 24. Bf1 Ne4 25. Ra1 Qd2 26. Qxd2 Nxd2
27. Bg2 f6 28. Nc6 Nc4 29. Re1 Kf7 30. Nd4 Nb6 31. Rc1 Rc8 32. Rxc8 Bxc8 33. f4
Ke7 34. Kf2 Bd7 35. Ke3 Nc4+ 36. Kd3 Kd6 37. Bf3 g5 38. Bh5 Nb2+ 39. Kc3 Nc4
40. Kd3 Nb2+ 41. Ke3 Nc4+ 42. Kd3 Nb2+ 1/2-1/2

[Event "Elit(Manhem-Rockaden,Umea)"]
[Site "?"]
[Date "2011.10.08"]
[Round "2"]
[White "Akesson, Joel"]
[Black "Malmstig, Erik"]
[Result "0-1"]
[WhiteElo "2355"]
[BlackElo "2335"]
[PlyCount "64"]

1. Nf3 d6 2. d4 Bg4 3. c4 Nd7 4. e4 e5 5. Be2 h6 6. Nc3 c6 7. O-O Qf6 8. Nxe5
dxe5 9. Bxg4 exd4 10. Be3 Rd8 11. Bxd4 Ne5 12. Bxe5 Qxe5 13. Qe2 h5 14. Bh3 Bc5
15. Rad1 Rxd1 16. Qxd1 Nf6 17. Kh1 g5 18. Bf5 h4 19. Qd2 Bd6 20. f4 gxf4 21.
Rf3 Nh5 22. Rd3 Ke7 23. Na4 b6 24. c5 bxc5 25. Rb3 c4 26. Rb7+ Kf6 27. Rd7 Bc7
28. Bg4 f3 29. gxf3 Nf4 30. Qd4 Nd3 31. Qxe5+ Bxe5 32. b3 c3 0-1

[Event "Elit(Manhem-Rockaden,Umea)"]
[Site "?"]
[Date "2011.10.08"]
[Round "2"]
[White "Mardell, Jimmy"]
[Black "Moberg, Karl Johan"]
[Result "0-1"]
[WhiteElo "2223"]
[BlackElo "2334"]
[PlyCount "104"]

1. e4 e5 2. Nf3 Nc6 3. Bc4 Nf6 4. d3 Be7 5. O-O O-O 6. Re1 d6 7. a4 Bg4 8. c3
h6 9. a5 a6 10. Nbd2 Nh7 11. Nf1 Ng5 12. Bxg5 Bxg5 13. h3 Bh5 14. Ng3 Bg6 15.
Nxg5 Qxg5 16. b4 Kh8 17. Qg4 Ne7 18. Rad1 Qxg4 19. hxg4 f6 20. Nf5 Nxf5 21.
gxf5 Bf7 22. Rd2 Kg8 23. f3 Rfd8 24. Bxf7+ Kxf7 25. d4 Re8 26. Kf2 Re7 27. Red1
Rae8 28. d5 g6 29. fxg6+ Kxg6 30. g4 Rh7 31. Ke3 h5 32. gxh5+ Rxh5 33. Rg2+ Rg5
34. Rh2 Rg8 35. Rdh1 f5 36. Rh6+ Kf7 37. c4 f4+ 38. Kd3 Rg3 39. R1h3 Rg1 40.
Rh7+ R8g7 41. Rh1 R1g3 42. R1h3 Rxf3+ 43. Rxf3 Rxh7 44. c5 Rh1 45. cxd6 cxd6
46. Rf2 Rh3+ 47. Kc2 Re3 48. Rh2 Kg6 49. Rh8 Rxe4 50. Rd8 Rxb4 51. Rxd6+ Kf5
52. Rd8 Rd4 0-1

[Event "Elit(Manhem-Rockaden,Umea)"]
[Site "?"]
[Date "2011.10.08"]
[Round "2"]
[White "Hultin, Johan"]
[Black "Nygren, David"]
[Result "1-0"]
[WhiteElo "2354"]
[BlackElo "2275"]
[PlyCount "115"]

1. Nf3 Nf6 2. d4 c5 3. c4 e6 4. Nc3 cxd4 5. Nxd4 Bb4 6. g3 Nc6 7. Bg2 d5 8. O-O
O-O 9. cxd5 exd5 10. Bg5 Bxc3 11. bxc3 Be6 12. Nxc6 bxc6 13. Qd4 h6 14. Bf4 Re8
15. Rab1 Bf5 16. Rb2 Qe7 17. c4 Rad8 18. c5 Qe6 19. Rc1 Bh3 20. f3 Bxg2 21.
Kxg2 Qf5 22. Rc3 Re6 23. Re3 Rde8 24. Rb8 Rxe3 25. Qxe3 Rxb8 26. Bxb8 Qb1 27.
Qb3 Qe1 28. Qb2 Qa5 29. Bd6 Qe1 30. Be5 Ne8 31. Qc2 Qb4 32. g4 Qb7 33. Bg3 Qe7
34. Kf1 Nf6 35. Qc3 Nd7 36. Bd6 Qg5 37. Qa5 Qc1+ 38. Kg2 Nf6 39. Qxa7 d4 40.
Qa8+ Kh7 41. Qa6 Qe3 42. Kf1 Qc1+ 43. Kf2 Qe3+ 44. Kg2 Qe6 45. Qd3+ Kg8 46. a4
Nd5 47. Kf2 Nc3 48. a5 Qa2 49. a6 Nb5 50. Qe4 Qxa6 51. Qe8+ Kh7 52. Qxf7 Nc3
53. Qf5+ Kg8 54. Qe6+ Kh8 55. h4 Nd1+ 56. Ke1 Ne3 57. Be5 Kh7 58. Qe7 1-0

[Event "Elit(Manhem-Rockaden,Umea)"]
[Site "?"]
[Date "2011.10.08"]
[Round "2"]
[White "Lindgren, Fredrik"]
[Black "Carlhammar, Magnus"]
[Result "0-1"]
[WhiteElo "2204"]
[BlackElo "2321"]
[PlyCount "80"]

1. c4 Nf6 2. g3 d6 3. Bg2 e5 4. Nc3 c6 5. d3 Be7 6. Nf3 Nbd7 7. O-O O-O 8. Rb1
d5 9. cxd5 cxd5 10. d4 e4 11. Ne5 Nb6 12. f3 exf3 13. Bxf3 Bh3 14. Rf2 Rc8 15.
Qd3 Be6 16. Bg5 Nc4 17. h4 h6 18. Bf4 Qa5 19. Nxc4 Rxc4 20. Be5 Rfc8 21. e3 Qd8
22. Bd1 Ng4 23. Bc2 g6 24. Rbf1 Nxf2 25. Rxf2 Qd7 26. Qf1 Bd6 27. h5 Bxe5 28.
dxe5 Rg4 29. hxg6 fxg6 30. Kh2 Qc7 31. Rf4 Qxe5 32. Rxg4 Bxg4 33. Bxg6 Rf8 34.
Qg2 Kg7 35. Bc2 Qh5+ 36. Kg1 Bf3 37. Qh2 Qxh2+ 38. Kxh2 Kf6 39. e4 d4 40. Nb5
Ke5 0-1

[Event "Elit(Manhem-Rockaden,Umea)"]
[Site "?"]
[Date "2011.10.08"]
[Round "2"]
[White "Fendrich, David"]
[Black "Eriksson, Jorgen"]
[Result "1/2-1/2"]
[WhiteElo "2263"]
[BlackElo "2266"]
[PlyCount "93"]

1. g3 d5 2. Bg2 Nf6 3. c4 e6 4. Nf3 c5 5. O-O Nc6 6. b3 Be7 7. e3 O-O 8. Bb2 b6
9. Nc3 Bb7 10. Qe2 d4 11. exd4 Nxd4 12. Nxd4 Bxg2 13. Kxg2 Qxd4 14. d3 Qd7 15.
Rad1 Qc6+ 16. Kg1 Rad8 17. Ne4 Nxe4 18. dxe4 Rxd1 19. Rxd1 Rd8 20. Rxd8+ Bxd8
21. Qg4 f6 22. Qd1 Be7 23. Qd3 Qd6 24. Qxd6 Bxd6 25. f4 f5 26. Kf2 Kf7 27. Kf3
g6 28. h3 Bc7 29. g4 Bd6 30. Bc3 Bc7 31. gxf5 exf5 32. exf5 gxf5 33. Kg3 Ke6
34. Kf3 Bd6 35. Bg7 Kf7 36. Bc3 Ke6 37. a4 Kf7 38. Kg3 Ke6 39. Bg7 Kf7 40. Bc3
Ke6 41. Bg7 Kf7 42. Bh6 Kg6 43. Bg5 Kf7 44. Bd8 Kg6 45. Bg5 Kf7 46. Kh4 Kg6 47.
Kg3 1/2-1/2

[Event "Elit(LASK-Solna)"]
[Site "?"]
[Date "2011.10.08"]
[Round "2"]
[White "Lindberg, Bengt"]
[Black "Tikkanen, Hans"]
[Result "0-1"]
[WhiteElo "2466"]
[BlackElo "2662"]
[PlyCount "70"]

1. e4 e6 2. d4 d5 3. Nc3 Nf6 4. Bg5 Bb4 5. e5 h6 6. Be3 Ne4 7. Qg4 g6 8. a3
Bxc3+ 9. bxc3 c5 10. Bd3 h5 11. Qf4 g5 12. Qf3 Nxc3 13. dxc5 Nc6 14. Qf6 Qxf6
15. exf6 e5 16. Bxg5 h4 17. a4 e4 18. Ne2 Rh5 19. Bf4 exd3 20. Nxc3 dxc2 21.
Nb5 Kf8 22. Bd6+ Kg8 23. Nc7 Rb8 24. Nb5 Ra8 25. Nc7 Rb8 26. Nb5 Bf5 27. Bxb8
Nxb8 28. Kd2 Nc6 29. Rhe1 d4 30. Re7 Bg6 31. Rd7 d3 32. Rxd3 Bxd3 33. Kxd3 Nb4+
34. Kd2 Rd5+ 35. Ke2 Na2 0-1

[Event "Elit(LASK-Solna)"]
[Site "?"]
[Date "2011.10.08"]
[Round "2"]
[White "Hillarp Persson, Tiger"]
[Black "Jonsson, Mikael"]
[Result "1-0"]
[WhiteElo "2591"]
[BlackElo "2348"]
[PlyCount "37"]

1. d4 d5 2. c4 e6 3. Nc3 Be7 4. Nf3 Nf6 5. Bg5 O-O 6. e3 Ne4 7. Bxe7 Qxe7 8.
Rc1 Nxc3 9. Rxc3 dxc4 10. Bxc4 b6 11. Bd3 Ba6 12. Be4 c6 13. Ne5 Rc8 14. Qc2 g6
15. h4 Bb7 16. h5 Qf6 17. hxg6 hxg6 18. Bxg6 Rc7 19. Rh7 1-0

[Event "Elit(LASK-Solna)"]
[Site "?"]
[Date "2011.10.08"]
[Round "2"]
[White "Johansson, Gunnar"]
[Black "Skytte Hagen, Andreas"]
[Result "0-1"]
[WhiteElo "2251"]
[BlackElo "2504"]
[PlyCount "128"]

1. d4 Nf6 2. c4 g6 3. Nf3 Bg7 4. g3 c6 5. Bg2 d5 6. cxd5 cxd5 7. O-O O-O 8. Nc3
Ne4 9. Qb3 Nc6 10. e3 Nxc3 11. Qxc3 Bf5 12. Bd2 Be4 13. Qb3 Qd7 14. Rfd1 Rfc8
15. Rac1 e6 16. Ne1 Bxg2 17. Kxg2 Bf8 18. Nd3 Bd6 19. a4 Rc7 20. Rc2 Rac8 21.
Rdc1 Ne7 22. Rxc7 Rxc7 23. Rxc7 Qxc7 24. Bb4 Nc8 25. Qc3 Qxc3 26. Bxc3 Kf8 27.
h4 Nb6 28. b3 Nd7 29. Bb4 Bxb4 30. Nxb4 Ke7 31. Nd3 b6 32. f3 Nb8 33. g4 h6 34.
Ne5 g5 35. hxg5 hxg5 36. Kg3 f6 37. Nd3 Nc6 38. f4 Na5 39. b4 Nc4 40. Kf2 Kd6
41. Ke2 a6 42. Kf2 Nd2 43. Ke2 Ne4 44. Kf3 a5 45. b5 Ke7 46. Kg2 gxf4 47. exf4
Nc3 48. Nb2 Ne2 49. Kf3 Nxd4+ 50. Ke3 Nc2+ 51. Kd2 Nb4 52. Ke3 Nc2+ 53. Kd2 Nb4
54. Kc3 e5 55. fxe5 fxe5 56. Nd1 Kf6 57. Kd2 Kg5 58. Ne3 Kf4 59. Ke2 e4 60. Kd2
d4 61. Nc4 e3+ 62. Ke1 d3 63. Nxb6 Nc2+ 64. Kd1 e2+ 0-1

[Event "Elit(LASK-Solna)"]
[Site "?"]
[Date "2011.10.08"]
[Round "2"]
[White "Grandelius, Nils"]
[Black "Landgren, Andreas"]
[Result "1/2-1/2"]
[WhiteElo "2568"]
[BlackElo "2234"]
[PlyCount "72"]

1. c4 e6 2. Nf3 d5 3. g3 c6 4. Bg2 dxc4 5. a4 Nf6 6. Na3 Bxa3 7. Rxa3 O-O 8.
Qc2 b6 9. Qxc4 Bb7 10. b4 Nbd7 11. Bb2 c5 12. O-O Qe7 13. bxc5 Nxc5 14. Qh4 h6
15. g4 Rfd8 16. g5 hxg5 17. Nxg5 Bxg2 18. Kxg2 Rd5 19. Rh3 Nh5 20. f4 g6 21. d3
Nxa4 22. Ba1 Rc8 23. Qg4 Nc3 24. Ne4 Nxe4 25. dxe4 Ra5 26. f5 exf5 27. exf5 Rc2
28. Rxh5 Rxe2+ 29. Kh1 Rxa1 30. Rxa1 Re1+ 31. Rxe1 Qxe1+ 32. Kg2 Qd2+ 33. Kh3
Qe3+ 34. Kg2 Qd2+ 35. Kh3 Qe3+ 36. Kg2 Qd2+ 1/2-1/2

[Event "Elit(LASK-Solna)"]
[Site "?"]
[Date "2011.10.08"]
[Round "2"]
[White "Steneskog, Per"]
[Black "Lund, Silas"]
[Result "1/2-1/2"]
[WhiteElo "2220"]
[BlackElo "2422"]
[PlyCount "52"]

1. d4 d5 2. c4 e6 3. Nc3 c6 4. Nf3 Nf6 5. cxd5 exd5 6. Qc2 Be7 7. Bg5 Nbd7 8.
e3 Nh5 9. Bxe7 Qxe7 10. O-O-O Nb6 11. h3 g6 12. Bd3 Be6 13. Kb1 O-O-O 14. Rc1
Kb8 15. Na4 Nxa4 16. Qxa4 Bf5 17. Rhd1 Nf6 18. Ne5 Nd7 19. Nxd7+ Qxd7 20. Ka1
Bxd3 21. Rxd3 Rc8 22. Ra3 b6 23. Rac3 Kb7 24. Ra3 Kb8 25. Rac3 Kb7 26. Ra3 Kb8
1/2-1/2

[Event "Elit(LASK-Solna)"]
[Site "?"]
[Date "2011.10.08"]
[Round "2"]
[White "Olsson, Linus"]
[Black "Azizi, Haroon"]
[Result "1/2-1/2"]
[WhiteElo "2324"]
[BlackElo "2214"]
[PlyCount "121"]

1. Nf3 Nc6 2. d4 d5 3. Bf4 Nf6 4. e3 a6 5. c4 Bg4 6. Nc3 e6 7. Be2 Bb4 8. Rc1
O-O 9. O-O dxc4 10. Bxc4 Bd6 11. Bg5 h6 12. Bxf6 Qxf6 13. Be2 Rfd8 14. Nd2 Bxe2
15. Qxe2 Rac8 16. a3 e5 17. d5 Ne7 18. Nc4 Qg6 19. Na5 Rb8 20. b4 e4 21. Rfd1
f5 22. Nb3 Be5 23. Nc5 Bxc3 24. Rxc3 Nxd5 25. Rcc1 c6 26. Qc4 Kh8 27. Rd4 Nb6
28. Rxd8+ Rxd8 29. Qb3 Rb8 30. a4 Nd5 31. h3 f4 32. b5 f3 33. g3 Qf5 34. Kh2
axb5 35. axb5 cxb5 36. Qxb5 Nf6 37. Qb4 Rc8 38. Nb3 Rxc1 39. Nxc1 Qd5 40. Qd4
Qxd4 41. exd4 Kg8 42. Kg1 Kf7 43. Na2 Nd5 44. Kf1 Ke6 45. Ke1 b5 46. Kd2 b4 47.
Nc1 Nc3 48. Nb3 Kd5 49. h4 g5 50. hxg5 hxg5 51. g4 Na4 52. Ke3 Nb2 53. Kd2 Nc4+
54. Ke1 e3 55. fxe3 Nxe3 56. Kf2 Nc2 57. Nd2 Nxd4 58. Ke3 b3 59. Kd3 Ke5 60.
Ke3 b2 61. Nc4+ 1/2-1/2

[Event "Elit(LASK-Solna)"]
[Site "?"]
[Date "2011.10.08"]
[Round "2"]
[White "Bjarnehag, Peter"]
[Black "Nilsson, Sebastian"]
[Result "1/2-1/2"]
[WhiteElo "2179"]
[BlackElo "2416"]
[PlyCount "60"]

1. Nf3 Nf6 2. c4 g6 3. g3 Bg7 4. Bg2 O-O 5. d4 d6 6. Nc3 Nbd7 7. O-O e5 8. e4
a6 9. Re1 exd4 10. Nxd4 Ng4 11. h3 Nge5 12. b3 Nc5 13. Be3 b5 14. cxb5 axb5 15.
Ndxb5 c6 16. Nd4 Ba6 17. Qd2 Re8 18. Red1 Qd7 19. Nde2 Ned3 20. Nf4 Qe7 21.
Nxd3 Nxd3 22. Rab1 Qe6 23. Ne2 Nc5 24. Nf4 Qe7 25. Qxd6 Nxe4 26. Qxe7 Rxe7 27.
Bxe4 Rxe4 28. Rbc1 g5 29. Nd3 Bc8 30. g4 h5 1/2-1/2

[Event "Elit(LASK-Solna)"]
[Site "?"]
[Date "2011.10.08"]
[Round "2"]
[White "Dragicevic, Drazen"]
[Black "Lindborg, Petter"]
[Result "1-0"]
[WhiteElo "2351"]
[BlackElo "2191"]
[PlyCount "116"]

1. Nf3 f5 2. c4 Nf6 3. Nc3 e6 4. b3 Be7 5. g3 O-O 6. Bg2 Ne4 7. Bb2 Bf6 8. Rc1
d6 9. O-O Nc6 10. d4 Nxc3 11. Bxc3 e5 12. dxe5 dxe5 13. e4 Qxd1 14. Rcxd1 f4
15. gxf4 exf4 16. e5 Be7 17. Nd2 Bg4 18. Bd5+ Kh8 19. f3 Bf5 20. Ne4 Nd8 21.
Nf2 a5 22. Be4 Be6 23. a4 c6 24. Nd3 Bh3 25. Rfe1 Kg8 26. Kh1 Be6 27. Rg1 Bf5
28. Bxf5 Rxf5 29. Nf2 Bc5 30. Rg2 Bxf2 31. Rxf2 Ne6 32. Rd6 Nc5 33. e6 Re8 34.
Re2 h6 35. Bxa5 Rxe6 36. Rexe6 Nxe6 37. Rxe6 Rxa5 38. Re7 b6 39. Rb7 Ra6 40.
Kg2 h5 41. Kf2 Kh7 42. h4 Kg6 43. Rd7 c5 44. Ke2 Ra8 45. Rd6+ Kf5 46. Rxb6 Re8+
47. Kf2 Ke5 48. b4 cxb4 49. Rxb4 Rd8 50. Rb5+ Kd4 51. Rd5+ Rxd5 52. cxd5 Kxd5
53. Ke2 Kc4 54. a5 Kb5 55. Kd3 Kxa5 56. Ke4 Kb5 57. Kxf4 Kc5 58. Kg5 Kd5 1-0

[Event "Elit(Vasteras-Team Viking)"]
[Site "?"]
[Date "2011.10.08"]
[Round "2"]
[White "Norberg, Johan"]
[Black "Shimanov, Alexander"]
[Result "0-1"]
[WhiteElo "2355"]
[BlackElo "2626"]
[PlyCount "42"]

1. e4 c6 2. Nf3 d5 3. exd5 cxd5 4. Ne5 e6 5. Bb5+ Nd7 6. d4 Qa5+ 7. Nc3 Ngf6 8.
O-O a6 9. Nxd7 Bxd7 10. Bxd7+ Nxd7 11. Qg4 Nf6 12. Qg3 Rc8 13. Be3 Qc7 14. f4
g6 15. Qh4 Be7 16. Qh3 h5 17. Qf3 O-O 18. Rad1 b5 19. a3 Bxa3 20. f5 Bxb2 21.
Bh6 Ng4 0-1

[Event "Elit(Vasteras-Team Viking)"]
[Site "?"]
[Date "2011.10.08"]
[Round "2"]
[White "Volodin, Aleksandr"]
[Black "Eriksson, Anders"]
[Result "1-0"]
[WhiteElo "2548"]
[BlackElo "2330"]
[PlyCount "81"]

1. d4 Nf6 2. c4 e6 3. Nf3 Bb4+ 4. Nbd2 d5 5. Qa4+ Nc6 6. e3 O-O 7. a3 Bxd2+ 8.
Bxd2 Ne4 9. Rd1 Nxd2 10. Rxd2 dxc4 11. Bxc4 Qe7 12. O-O Bd7 13. Qc2 Rac8 14.
Rc1 Nd8 15. Bd3 g6 16. Ne5 Be8 17. f4 f6 18. Nf3 Rf7 19. Bc4 c6 20. Qc3 Qd6 21.
b4 h6 22. Rcd1 g5 23. fxg5 hxg5 24. e4 Qf4 25. Re1 g4 26. Nh4 Qg5 27. g3 Kg7
28. Rf2 Rcc7 29. Rf4 Rf8 30. Ref1 Bh5 31. Bb3 Kh8 32. d5 e5 33. Rf5 Qh6 34. Qc1
Kg7 35. Qc5 b6 36. Rxh5 Qxh5 37. Qd6 Qf7 38. Nf5+ Kg6 39. dxc6 Qxb3 40. Qxf8
Nxc6 41. Qh6+ 1-0

[Event "Elit(Vasteras-Team Viking)"]
[Site "?"]
[Date "2011.10.08"]
[Round "2"]
[White "Janse, Rasmus"]
[Black "Carlsson, Pontus"]
[Result "0-1"]
[WhiteElo "2261"]
[BlackElo "2579"]
[PlyCount "50"]

1. d4 Nf6 2. c4 e6 3. Nc3 Bb4 4. e3 O-O 5. Bd3 d5 6. a3 Bxc3+ 7. bxc3 dxc4 8.
Bxc4 c5 9. Nf3 Qc7 10. Qd3 b6 11. Ne5 Bb7 12. f3 Nbd7 13. Nxd7 Nxd7 14. Ba2
cxd4 15. cxd4 Ba6 16. Qd2 Rfd8 17. Qb2 Rac8 18. Bd2 Ne5 19. dxe5 Qc2 20. Qxc2
Rxc2 21. Bb3 Rcxd2 22. Rd1 Re2+ 23. Kf1 Rb2+ 24. Ke1 Rc8 25. Rd2 Rxb3 0-1

[Event "Elit(Vasteras-Team Viking)"]
[Site "?"]
[Date "2011.10.08"]
[Round "2"]
[White "Semcesen, Daniel"]
[Black "Nilsson, Andre"]
[Result "1/2-1/2"]
[WhiteElo "2555"]
[BlackElo "2325"]
[PlyCount "185"]

1. d4 Nf6 2. c4 e5 3. dxe5 Ng4 4. Nf3 Nc6 5. Bf4 Bb4+ 6. Nbd2 Qe7 7. e3 Ngxe5
8. Nxe5 Nxe5 9. Be2 Bxd2+ 10. Qxd2 d6 11. Qc3 f6 12. O-O O-O 13. Rac1 b6 14. b4
a5 15. a3 axb4 16. axb4 Be6 17. c5 bxc5 18. bxc5 Rfd8 19. Rfd1 Nf7 20. h3 Rab8
21. Rd2 Ne5 22. Rcd1 Nf7 23. Rc1 Ne5 24. Bg3 Nf7 25. Kh2 Kf8 26. Qc2 Kg8 27.
Bd3 h6 28. Bh7+ Kh8 29. Bd3 Ne5 30. Be2 Bg8 31. Rd4 Bh7 32. Qc3 Bg8 33. Ra4 Ra8
34. Rd4 Rab8 35. Bd1 d5 36. Ra4 Ra8 37. Rca1 Rxa4 38. Rxa4 c6 39. Ra6 Rc8 40.
Ba4 Nc4 41. Bxc6 Qxc5 42. Bd7 Rd8 43. Bg4 Qe7 44. Qd4 Ne5 45. Bd1 Nf7 46. Bb3
Ng5 47. Ra7 Rd7 48. Ra8 Rd8 49. Bxd5 Bxd5 50. Qxd5 Rxa8 51. Qxa8+ Kh7 52. Bf4
Ne6 53. Qe4+ Kg8 54. Bg3 Qd7 55. f3 Ng5 56. Qc4+ Kh8 57. Qc2 Qe6 58. e4 Nf7 59.
Qd2 g5 60. Qd4 Kg7 61. Kg1 Qc6 62. Qb2 h5 63. Bf2 g4 64. hxg4 hxg4 65. Qe2 gxf3
66. gxf3 Ng5 67. Be3 Ne6 68. Kg2 Qd6 69. Qf2 Kf7 70. f4 Qc6 71. Qf3 Ng7 72. f5
Qc2+ 73. Kg3 Qd3 74. Kg4 Ne8 75. Bf4 Qxf3+ 76. Kxf3 Ke7 77. Kg4 Ng7 78. Bg3 Kf7
79. Bd6 Ne8 80. Bg3 Ng7 81. Bh2 Ke7 82. Bb8 Kf7 83. Bd6 Ne8 84. e5 fxe5 85.
Bxe5 Nf6+ 86. Bxf6 Kxf6 87. Kf4 Kf7 88. Ke5 Ke7 89. f6+ Kf7 90. Kf5 Kf8 91. Ke6
Ke8 92. f7+ Kf8 93. Kf6 1/2-1/2